000 00948nam a2200217Ii 4500
003 JO-AjNU
008 230605s9999||||xx |||||||||||||| ||und||
017 _a2009/6/1987
020 _a978-9957-70-225-0
040 _aJO-AjNU
_bara
_erda
_cJO-AjNU
041 _aara
050 1 4 _aKMM122.T82.2010
100 3 _aطبيشات، بسام مصطفى عبد الرحمن,
_eauthor
_911374
245 0 0 _aالحماية القانونية للعلامات التجارية في ظل القانون الأردني والقانون المصري والاتفاقيات الدولية
250 _aط1
264 3 1 _aاربد : عالم الكتب ، 2009
336 _atext
_btxt
_2rdacontent
337 _aunmediated
_bn
_2rdamedia
338 _avolume
_bnc
_2rdacarrier
650 4 _aالعلامات التجارية -- قوانين وتشريعات -- الأردن -- العلامات التجارية -- قوانين وتشريعات -- مصر
_911375
999 _aA2292
_c5860
_d5860